| 000 | 00633nam a2200205 i 4500 | ||
|---|---|---|---|
| 001 | 55036 | ||
| 003 | ES-MaACL | ||
| 005 | 20230906163053.0 | ||
| 007 | t| | ||
| 008 | 030911s1973 sp ||||1| cat d | ||
| 100 | 1 |
_aDelgado y Delgado, Eduardo. _943495 |
|
| 245 | 1 | 0 |
_aQué representarem, avui? / _cEduard Delgado i María Vilanova ; proleg de Joaquim Franch. |
| 250 | _a[1ª ed.]. | ||
| 260 |
_aBarcelona : _bNova Terra, _c[1973] |
||
| 300 |
_a190 p. ; _c21 cm. |
||
| 500 | _aPremi "Antoni Balmanya, 1972" | ||
| 700 | 1 |
_aVilanova, María. _9114777 |
|
| 700 | 1 |
_aFranch, Joaquim. _952158 |
|
| 852 |
_aES-MaACL _jC-52518 _bR.85457 |
||
| 999 |
_c55036 _d55036 |
||